| 000 | 00923nam a22002295i 4500 | ||
|---|---|---|---|
| 001 | 154141 | ||
| 003 | ES-MaACL | ||
| 005 | 20250720115259.0 | ||
| 008 | 980508s1880 po |||| | por d | ||
| 040 |
_aCAM _bspa _cCAM |
||
| 245 | 0 | 0 |
_aFragmentos relativos a'historia e geographia da Peninsula Iberica _b: Caius Plinius Secundus, Pomponius Mela / _cGabriel Pereira. |
| 260 |
_aEvora : _b[s.n.], _c1879 ( _fTyp. de Francisco da Cunha Bravo) |
||
| 300 |
_a31 p. ; _c22 cm. |
||
| 596 | 1 | _aFecha de la cub. 1880. | |
| 651 | 4 |
_aPenínsula Ibérica- _xGeografía antigua- _vFuentes. _9137305 |
|
| 651 | 4 |
_aPenínsula Ibérica- _xHistoria antigua- _vFuentes. _9137306 |
|
| 700 | 0 |
_aPereira, Gabriel. _990471 |
|
| 700 | 1 |
_aPlinio Segundo, Cayo _992659 |
|
| 700 | 0 |
_aMela, Pomponio. _979880 |
|
| 852 |
_aES-MaACL _jT-425-F-9 _z-- Enc. hol. _q-- Falto de la cub. original _z-- Enc. en un vol. facticio |
||
| 999 |
_c154141 _d154141 |
||